American League Pennant Winners - Statistics

General Stats
  • This quiz has been taken 54 times
    14 since last reset
  • The average score is 94 of 126
Answer Stats
Hint Answer % Correct
2017 Houston Astros*
86%
2019 | 2021 | 2022 Houston Astros
86%
1921 | 1922 | 1923 | +38 others New York Yankees
86%
1972 | 1973 | 1974 | +3 others Oakland Athletics
86%
1992 | 1993 | 2025 Toronto Blue Jays
86%
1966 | 1969 | 1970 | +3 others Baltimore Orioles
71%
1912 | 1915 | 1916 | +9 others Boston Red Sox
71%
1900 | 1901 | 1906 | +4 others Chicago White Sox
71%
1920 | 1948 | 1954 | +3 others Cleveland Indians
71%
1907 | 1908 | 1909 | +7 others Detroit Tigers
71%
2012 Detroit TIgers
71%
1980 | 1985 | 2014 | 2015 Kansas City Royals
71%
2002 Los Angeles Angels
71%
1982 Milwaukee Brewers
71%
2008 | 2020 Tampa Bay Rays
71%
2010 | 2011 | 2023 Texas Rangers
71%
1924 | 1925 | 1933 Washington Senators
71%
1965 | 1987 | 1991 Minnesota Twins
57%
1994 No Pennant Due To Players Strike
57%
1903 | 1904 Boston Americans
43%
1902 | 1905 | 1910 | +6 others Philadelphia Athletics
43%
1944 St. Louis Browns
43%
No matching quizzes found
Score Distribution
Percent of People with Each Score
Percentile by Number Answered
Your Score History
You have not taken this quiz since the last reset